The people livelihoods in bakong commune prasat bakong district siemreab province, ការប្រកបរបរចិញ្ចឹមជីវិតរបស់ប្រជាពលរដ្ឋនៅឃុំបាគង ស្រុកប្រសាទបាគង ខេត្តសៀមរាប (Record no. 4579)
[ view plain ]
| 000 -LEADER | |
|---|---|
| fixed length control field | 00667nam a22001577a 4500 |
| 003 - CONTROL NUMBER IDENTIFIER | |
| control field | OSt |
| 005 - DATE AND TIME OF LATEST TRANSACTION | |
| control field | 20151216144430.0 |
| 008 - FIXED-LENGTH DATA ELEMENTS--GENERAL INFORMATION | |
| fixed length control field | 151216b xxu||||| |||| 00| 0 eng d |
| 040 ## - CATALOGING SOURCE | |
| Transcribing agency | RUA |
| 082 ## - DEWEY DECIMAL CLASSIFICATION NUMBER | |
| Classification number | AED POK 2005 B219 Or.1 |
| 100 ## - MAIN ENTRY--PERSONAL NAME | |
| 9 (RLIN) | 4929 |
| Personal name | POK, THEARY. |
| 245 ## - TITLE STATEMENT | |
| Title | The people livelihoods in bakong commune prasat bakong district siemreab province, ការប្រកបរបរចិញ្ចឹមជីវិតរបស់ប្រជាពលរដ្ឋនៅឃុំបាគង ស្រុកប្រសាទបាគង ខេត្តសៀមរាប |
| 260 ## - PUBLICATION, DISTRIBUTION, ETC. (IMPRINT) | |
| Place of publication, distribution, etc. | Phnom Penh |
| Name of publisher, distributor, etc. | RUA |
| Date of publication, distribution, etc. | 2005 |
| 300 ## - PHYSICAL DESCRIPTION | |
| Extent | x; 62p. |
| Other physical details | ill. |
| Dimensions | 29cm. |
| 942 ## - ADDED ENTRY ELEMENTS (KOHA) | |
| Source of classification or shelving scheme | |
| Koha item type | AED |
| Price effective from | Date last seen | Permanent Location | Not for loan | Date acquired | Source of classification or shelving scheme | Koha item type | Lost status | Withdrawn status | Date last checked out | Total Checkouts | Shelving location | Damaged status | Barcode | Current Location | Full call number |
|---|---|---|---|---|---|---|---|---|---|---|---|---|---|---|---|
| 2015-12-16 | 2015-12-16 | Library Block B | 2015-12-16 | AED | B219 | RUA042659 | Library Block B | AED POK 2005 B219 Or.1 | |||||||
| 2015-12-16 | 2015-12-16 | Library Block B | 2015-12-16 | AED | B219 | RUA030027 | Library Block B | AED POK 2005 B219 Or.2 | |||||||
| 2015-12-16 | 2015-12-16 | Library Block B | 2015-12-16 | AED | B219 | RUA031958 | Library Block B | AED POK 2005 B219 Or.3 | |||||||
| 2015-12-16 | 2026-02-20 | Library Block B | 2015-12-16 | AED | 2026-01-28 | 4 | B219 | RUA030184 | Library Block B | AED POK 2005 B219 Or.4 | |||||
| 2015-12-25 | 2015-12-25 | Library Block B | 2015-12-25 | AED | RUA032477 | Library Block B | AED POK 2005 B219 Or.5 |